| 000 | 00462nam a2200157Ia 4500 | ||
|---|---|---|---|
| 001 | IA_3574,01/08/2007,01/08/2007,0000002006 a 0000000000spa00," | ||
| 002 | 162 | ||
| 008 | 220117s xx 000 0 und d | ||
| 010 | _a182815 | ||
| 020 | _a92-5-305518-9 | ||
| 082 | _a630 F3Y V.162 | ||
| 110 |
_aFAO _939428 |
||
| 245 |
_aUtilización agroindustrial del nopal / _cFAO |
||
| 500 | _aFotocopia | ||
| 650 |
_anopal _xindustria _981676 |
||
| 999 |
_c182815 _d182815 |
||